Novel-T Items Quiz Stats

 Plays Quiz Updated Aug 3, 2013

Challenge
Share
Tweet
Score 0/15 Timer 04:00
2 Plays Today
% Correct
Moby Dick
87.5%
The Lion, The Witch, & The Wardrobe
83.6%
Lord of the Rings
82.9%
Harry Potter
81.1%
To Kill A Mockingbird
79.9%
Hunger Games
77.8%
The Cat in the Hat
73%
The Scarlet Letter
67.7%
% Correct
Fahrenheit 451
59.2%
1984
49.6%
Pride & Prejudice
44.3%
Les Misérables
29.4%
Percy Jackson
28.9%
Slaughterhouse-Five
17.4%
Finnegans Wake
14%

You're not logged in!

Compare scores with friends on all Sporcle quizzes.
Join for Free
OR
Log In

You Might Also Like...

Show Comments

Extras

Top Quizzes Today


Score Distribution

Your Account Isn't Verified!

In order to create a playlist on Sporcle, you need to verify the email address you used during registration. Go to your Sporcle Settings to finish the process.

Report this User

Report this user for behavior that violates our Community Guidelines.

Details: